Flags with the Nordic cross on them - Statistics

General Stats
  • This quiz has been taken 40 times
  • The average score is 6 of 7
Answer Stats
Picture Answer % Correct
Denmark
100%
Finland
100%
Iceland
100%
Norway
100%
Sweden
100%
Faroe Islands
79%
Åland Islands
55%
No matching quizzes found
Score Distribution
Percent of People with Each Score
Percentile by Number Answered
Your Score History
You have not taken this quiz